Länder, die auf an, en und in enden - Statistiken

Allgemein
  • Dieses Quiz wurde 252 mal gespielt
    209 seit der letzten Aktualisierung
  • Das Durchschnittsergebnis liegt bei 45 aus 61
Antwortstatistiken
Endung Antwort % Korrekt
Brasilien
93%
Indien
93%
Bolivien
91%
Spanien
91%
an Afghanistan
89%
Argentinien
89%
Belgien
89%
Slowenien
89%
Usbekistan
87%
Italien
86%
Pakistan
86%
Rumänien
86%
Indonesien
85%
Kolumbien
85%
Algerien
84%
Bulgarien
84%
Kasachstan
84%
Schweden
84%
Turkmenistan
84%
Albanien
83%
Australien
83%
Serbien
83%
Tadschikistan
83%
en Ägypten
82%
Kirgisistan
82%
Norwegen
79%
Armenien
78%
Tunesien
78%
Kroatien
77%
Libyen
77%
Mauretanien
74%
Tschechien
74%
Japan
73%
Polen
73%
en Jemen
72%
Jordanien
72%
Syrien
72%
Aserbaidschan
71%
Oman
71%
Georgien
70%
Nordmazedonien
70%
Saudi-Arabien
70%
Äthiopien
68%
Philippinen
65%
Litauen
64%
Malediven
63%
Iran
62%
Moldawien
62%
Sudan
62%
Südsudan
62%
Mikronesien
61%
Benin
60%
Bhutan
60%
Komoren
60%
Seychellen
59%
Liechtenstein
49%
Taiwan
49%
in Bahrain
45%
Vereinigte Staaten
39%
Salomonen
38%
St. Vincent und die Grenadinen
35%
Keine übereinstimmenden Quizze gefunden
Verteilung der Resultate
Anzahl Personen mit jedem Resultat
Perzentil nach korrekt beantworteten Fragen
Ihre Resultats-Entwicklung
Sie haben dieses Quiz seit der letzten Aktualisierung nicht gespielt